ბათუმის შოთა რუსთაველის სახელმწიფო უნივერსიტეტის ბიბლიოთეკა

ნადირობა მგლებზე.აკრძალული თამაშები. უსაფლავო ჯარისკაცები. (ბიბ.ჩანაწერი № 47738)

000 -LEADER
fixed length control field 00827nam a2200205Ia 4500
001 - CONTROL NUMBER
control field 14609
003 - CONTROL NUMBER IDENTIFIER
control field GE_BSU
008 - FIXED-LENGTH DATA ELEMENTS--GENERAL INFORMATION
fixed length control field 181216s||||||||xx |||||||||||||| ||und||
040 ## - CATALOGING SOURCE
Transcribing agency GE_BSU
080 ## - UNIVERSAL DECIMAL CLASSIFICATION NUMBER
Universal Decimal Classification number 821.353.1-31
100 ## - MAIN ENTRY--PERSONAL NAME
Personal name სანადირაძე,გიორგი
245 ## - TITLE STATEMENT
Title ნადირობა მგლებზე.აკრძალული თამაშები. უსაფლავო ჯარისკაცები.
245 ## - TITLE STATEMENT
Statement of responsibility, etc. რედ.რ.ჩხარტიშვილი
260 ## - PUBLICATION, DISTRIBUTION, ETC.
Place of publication, distribution, etc. თბილისი
260 ## - PUBLICATION, DISTRIBUTION, ETC.
Name of publisher, distributor, etc. წყარო
260 ## - PUBLICATION, DISTRIBUTION, ETC.
Date of publication, distribution, etc. 1991
300 ## - PHYSICAL DESCRIPTION
Extent 734გვ.21სმ.
653 ## - INDEX TERM--UNCONTROLLED
Uncontrolled term ნადირობა მგლებზე.აკრძალული თამაშები. უსაფლავო ჯარისკაცები.
942 ## - ADDED ENTRY ELEMENTS (KOHA)
Koha item type წიგნი
ეგზემპლარები
Withdrawn status Lost status Damaged status Not for loan Date acquired Barcode Date last seen Price effective from Koha item type
        2018-12-17 37734 2018-12-17 2018-12-17 წიგნი